Contabilidad industrial mecanizada (Registro nro. 2128)

Detalles MARC
000 -LEADER
fixed length control field 01043 a2200193 4500
001 - CONTROL NUMBER
control field 30867
005 - DATE AND TIME OF LATEST TRANSACTION
control field 20260407155617.0
008 - FIXED-LENGTH DATA ELEMENTS--GENERAL INFORMATION
fixed length control field 260407a1954 arg spa d
003 - CONTROL NUMBER IDENTIFIER
control field AR-UNSa-BCEJYS
040 ## - CATALOGING SOURCE
Original cataloging agency AR-UNSa-BCEJYS
Language of cataloging spa
Transcribing agency AR-UNSa-BCEJYS
080 ## - UNIVERSAL DECIMAL CLASSIFICATION NUMBER
Universal Decimal Classification number 657.474
Common auxiliary subdivision Tratamiento de los costos<br/>
100 1# - MAIN ENTRY--PERSONAL NAME
Personal name Corbisier Gallo, Gabriel E.
245 10 - TITLE STATEMENT
Title Contabilidad industrial mecanizada
264 #1 - PRODUCTION, PUBLICATION, DISTRIBUTION, MANUFACTURE, AND COPYRIGHT NOTICE
Place of production, publication, distribution, manufacture Buenos Aires :
Name of producer, publisher, distributor, manufacturer Selección Contable
Date of production, publication, distribution, manufacture, or copyright notice 1954
300 ## - PHYSICAL DESCRIPTION
Extent 455 p.
Dimensions 23 cm.
505 ## - FORMATTED CONTENTS NOTE
Formatted contents note 1. El origen de la contabilidad industrial - 2. Generalidades sobre costos - 3. Remuneración - 4. Contabilización de la mano de obra - 5. Almacenes - 6. Apropiación de materias primas y materiales - 7. Gastos - 8. Costos indirectos - 9. Ordenes terminadas - 10. Formas particulares de costo - 11. Los sistemas de costo y su utilidad como medida de la eficiencia industrial - 12. Contabilidad general - 13. Controles varios - 14. Maquinas y equipos utilizados en contabilidad industrial
590 ## - LOCAL NOTE (RLIN)
Local note niveau_biblio:m niveau_hierar:0
942 ## - ADDED ENTRY ELEMENTS (KOHA)
Koha item type
Existencias
Withdrawn status Lost status Damaged status Not for loan Home library Current library Shelving location Date acquired Total checkouts Full call number Barcode Date last seen Price effective from Koha item type
        Biblioteca Prof. Eusebio Cleto del Rey Biblioteca Prof. Eusebio Cleto del Rey   07/04/2026   657.474 C789 L20027 07/04/2026 07/04/2026 Libro